000 00406nam a22001457a 4500
005 20240118102944.0
008 240118b |||||||| |||| 00| 0 eng d
041 _aeng
100 _aBATRA , DINANATH
_98392
245 _aVIDYALAYIN SHIKSHA ME SHIKSHA PARIKSHA MULYANKAN KE TRIVENI
260 _aNEW DELHI
_bSHIKSHA SANSKRITI UTTHAN NYAS
_c2009
300 _a59;P
650 _aLIFE SKILL
_98393
942 _cBK
999 _c8472
_d8470